00513nam a22001577a 450000500170000001000150001702000260003203500140005803700130007208200060008510000190009124501010011026000440021127000780025530000220033320170801121951.0 aENG-119498 c399.00a9789351951742 aEN-103030 bDBAD/PUB aN aSanjay Bahadur aBite of the black dogs :cby Sanjay Bahadurbbased on real operations of Indian special forces / aGurgaonbHachette Book Publishingc2017 a4th & 5th Floors, Corporate Center,Plot N0-94,Sector-44 bGurgaone122003 a301p. c20cm(pbk)